Learning styles in the ESL/EFL classroom (0 8384 6158 1)

Na minha lista:
Detalhes bibliográficos
Autor principal: JOY M REID
Formato: Livro
Idioma:Undetermined
Publicado em: Heinle &Heinle publishers 1995
Tags: Adicionar Tag
Sem tags, seja o primeiro a adicionar uma tag!
Thư viện lưu trữ: Trung tâm Học liệu Trường Đại học Cần Thơ
LEADER 00510nam a2200169Ia 4500
001 CTU_49637
008 210402s9999 xx 000 0 und d
082 |a 428.07 
082 |b L438 
100 |a JOY M REID 
245 0 |a Learning styles in the ESL/EFL classroom (0 8384 6158 1) 
245 0 |c JOY M REID 
260 |b Heinle &Heinle publishers 
260 |c 1995 
526 |a Quá trình tiếp thu ngôn ngữ thứ hai 
526 |b SG285 
980 |a Trung tâm Học liệu Trường Đại học Cần Thơ